000 00318 a2200109 4500
001 ART_11380
005 20260410161856.0
008 260409a
245 1 0 _aCultivos oleaginosos en Córdoba
100 1 _aSonnet, Fernando H.
773 0 _tRevista de Economía
_g- Nº 60 (jul./sep. 1990)
_wREV11077
999 _c25517
_d25517